| 000 | 01148nam a2200313 c 4500 | ||
|---|---|---|---|
| 003 | BLK | ||
| 005 | 20180420222016.0 | ||
| 008 | 180408b bul|||||r ||||||| ||bul|| | ||
| 010 | _aKNG00053561000 | ||
| 020 |
_a3-499-16520-1 _bиздат.: Rowohlt |
||
| 040 | _aBLK | ||
| 041 |
_aDEU _cDEU |
||
| 080 |
_aНемски език (високонемски, стандартен писмен) _b811.112.2 _x-314.1(038.1) _z811.112.2-314.1(038.1) |
||
| 100 | 1 |
_aTextor, A. M. _eпърви автор _926090 |
|
| 139 |
_aTextor, A.M. _bT 42 |
||
| 245 | 1 | 0 |
_aSag es treffender _bEin Handbuch mit 25 000 sinnverwandten, Wortern und Ausdrucken fur de taglichen Gebrauch in Buro, Schule und Haus _cA. M. Textor. |
| 257 | _aDEU | ||
| 260 |
_аHamburg _bRowohlt _c1996 |
||
| 300 |
_a512 c _c19 cm |
||
| 380 | _a80 | ||
| 650 | 4 |
_aНемски език - речници, синонимни _9282722 |
|
| 653 | _aнемски език | ||
| 653 | _aсинонимни речници | ||
| 852 | _aЦб 193576 | ||
| 856 | 4 |
_qpdf _u |
|
| 856 | 4 |
_qpdf _u |
|
| 942 |
_cKNG _n0 |
||
| 944 |
_aCR _c01.01.1999 _kТеодора_Стоянова |
||
| 944 |
_aED _c13.02.2017 _kЛили_Борисова |
||
| 999 |
_c49705 _d49705 |
||